Proyecto : modelacion y control de una columna de destilacion

Salvato in:
Dettagli Bibliografici
Autore principale: Palma Buitrago, Abelardo
Natura: Libro
Pubblicazione: San José, Costa Rica 1978
Soggetti:
Tags: Aggiungi Tag
Nessun Tag, puoi essere il primo ad aggiungerne!!

MARC

LEADER 00000nam a2200000Ia 4500
003 005220
005 20221231144327.0
008 140114s1978 cr a m 000 ||s d
040 |c cru CEDI 
090 |a TFG 2477 
100 |a Palma Buitrago, Abelardo  |9 12693 
245 |a Proyecto : modelacion y control de una columna de destilacion  
260 |c 1978  |a San José, Costa Rica 
300 |a volúmenes : ilustraciones ; 27 cm  
500 |a  A la cabeza de la portada: Universidad de Costa Rica. Escuela de Ingeniería Eléctrica.  
501 |a  Contenido: v. [1]. Fase 1. Modelación de la columna de destilación en estado dinámico 
650 |x DESTILACION   |x  MODELOS MATEMATICOS   |x  ESPECIFICACIONES   |x TANQUES  |9 12694 
942 |c TFG 
999 |c 20207  |d 20207